LEADER 01194nam a2200277 u 4500 001 000000077496 003 CaOOAMICUS 005 20070226123327.0 008 040209s1998 enk u000 u eng u 020 $a0198269587 035 $a10983772 040 $aPUL$bita 100 1 $aNicholson, Ernest.$0(OLS)http://pul/name/51529 245 14$aThe Pentateuch in the twentieth century :$bthe legacy of Julius Wellhausen /$cErnest Nicholson. 260 $aOxford :$bClarendon Press,$cc1998. 300 $aix, 294 p. ;$c22 cm 490 1 $aOxford early Christian studies 504 $a"Bibliography": p. [269]-283. 630 04$aBiblia.$pV.T.$pPentateuchus.$0(OLS)http://pul/subject/2450 830 0$aOxford early Christian studies.$0(OLS)http://pul/title/20687 850 $aPUL 852 $aPUL$W1$xSL Religione 1$y3$m1 G 55$j99532$nBK-PRI$b $qStampati$B99532$CPULBib$Z2$F99532 $HPUL92865 $81 941 1 $a8 996 $6020$a0198269587$9(OLS)http://pul/number/101594 996 $6245$aThe Pentateuch in the twentieth century :$bthe legacy of Julius Wellhausen$9(OLS)http://pul/title/101624 996 $6260$aOxford :$bClarendon Press$9(OLS)http://pul/publisher/48412 LEADER 01670nam a2200349 u 4500 001 000000050353 003 CaOOAMICUS 005 20070226115219.0 008 000801s2000 vc u000 u eng u 020 $a8820929201 035 $a10853325 040 $aPUL$bita 110 2 $aPontificium Consilium Iustitia et Pax.$0(OLS)http://pul/name/2969 245 14$aThe social agenda :$ba collection of magistral texts /$cThe Pontifical Council for Justice and Peace ; with a foreword by archbishop François-Xavier Nguyen Van Thuan ... ; edited by rev. Robert A. Sirico ... rev. Maciej Zieba .. 260 $aCittà del Vaticano :$bLibreria editrice vaticana,$cc2000. 300 $axi, 225 p. ;$c24 cm 500 $a"Index": p. [211]-225. 504 $aBibliografia in nota. 650 4$aDiritti umani.$0(OLS)http://pul/subject/3219 650 4$aDottrina sociale della Chiesa.$0(OLS)http://pul/subject/33229 700 1 $aZieba, Maciej.$0(OLS)http://pul/name/36286 700 1 $aSirico, Robert A.$0(OLS)http://pul/name/36285 700 1 $aNguyen-Van-Thuan, François-Xavier,$ccardinale,$d1928-2002.$0(OLS)http://pul/name/36284 850 $aPUL 852 $aPUL$W1$xDP1 Cons. Gen., Altre Classi 1$y22$m46 B 70$j66772$nBK-PRI$b $qStampati$B66772$CPULBib$Z2$F66772 $81 941 1 $a8 960 $aDiritti dell'uomo$93219 960 $aDottrina sociale cristiana$933229 961 $aINV: 81979 996 $6020$a8820929201$9(OLS)http://pul/number/63733 996 $6245$aThe social agenda :$ba collection of magistral texts$9(OLS)http://pul/title/67763 996 $6260$aCittà del Vaticano :$bLibreria editrice vaticana$9(OLS)http://pul/publisher/47920